Brief history of the times, &c, : shewing the pretended Popish Plot to have been quite another thing than it has been taken for, Part II.

Bibliographic Details
Main Author: L'Estrange, Roger, Sir, 1616-1704
Format: eBook
Language:English
Published: London : Printed for R. Sare, at Grays-Inn-Gate in Holborn, 1688.
Series:Early English books online.
Subjects:
Online Access:Connect to the full text of this electronic book

MARC

Tag First Indicator Second Indicator Subfields
LEADER 00000nam a2200000Ia 4500
001 in00004342000
005 20200812095156.0
006 m g d
007 cr bn |||a|bb|
008 130830s1688 enk o 000 0 eng d
040 |a UMI  |b eng  |e dcrmb  |c UMI 
035 |a (OCoLC)857314679 
037 |a CL0037000138  |b ProQuest, 789 E. Eisenhower Parkway, Ann Arbor, MI 48108-3218 
090 |a DA448  |b .L36 1688 
049 |a UMIA 
100 1 |a L'Estrange, Roger,  |c Sir,  |d 1616-1704. 
245 1 2 |a Brief history of the times, &c, :  |b shewing the pretended Popish Plot to have been quite another thing than it has been taken for, Part II. 
260 |a London :  |b Printed for R. Sare, at Grays-Inn-Gate in Holborn,  |c 1688. 
300 |a 1 online resource ([18], 131 pages) 
336 |a text  |b txt  |2 rdacontent 
337 |a computer  |b c  |2 rdamedia 
338 |a online resource  |b cr  |2 rdacarrier 
500 |a Attributed to Sir Roger L'Estrange. Cf. Wing (2nd edition, 1994). 
500 |a Title within double line border; initials. 
500 |a Imperfect: tightly bound with some loss of text. 
500 |a Reproduction of original in: Worcester College (University of Oxford). Library. 
510 4 |a Wing (2nd edition, 1994),  |c L1203B 
510 4 |a ESTC  |c R188431 
533 |a Electronic reproduction.  |b Ann Arbor, Mich. :  |c UMI,  |d 1999-  |f (Early English books online)  |n Digital version of: (Early English Books, 1641-1700 ; 3037:2)  |7 s1999 miun s 
600 1 0 |a Oates, Titus,  |d 1649-1705. 
600 1 0 |a Tonge, Ezerel,  |d 1621-1680. 
650 0 |a Popish Plot, 1678  |v Early works to 1800. 
655 7 |a Borders (Type evidence)  |z England  |z London  |y 17th century.  |2 rbtyp 
700 1 |a Sare, Richard,  |d -1724,  |e bookseller. 
752 |a Great Britain  |b England  |d London. 
830 0 |a Early English books online. 
856 4 0 |u http://proxy.library.tamu.edu/login?url=https://search.proquest.com/docview/2240853731  |z Connect to the full text of this electronic book  |t 0 
994 |a 01  |b UMI 
999 f f |s 40fbd36c-0c61-344a-a324-1e3e93a1dc11  |i 0e1feaef-a811-3259-8b6c-13e96fbbe9e3  |t 0 
952 f f |a Texas A&M University  |b College Station  |c Electronic Resources  |d Available Online  |t 0  |e DA448 .L36 1688  |h Library of Congress classification 
998 f f |a DA448 .L36 1688  |t 0  |l Available Online